000
00323 a2200157 4500
001
61017
020
_a
040
_c
Anchieta - Pituba
100
_a
Ziberman, Regina
240
1
0
_a
Mário Quintana
_l
por
245
1
0
_a
Mário Quintana
300
_a
112
362
0
_a
1982
650
4
_a
Análise e crítica
942
_c
BK
999
_c
61017
_d
61017